[Event "46th GRE-chT Premier 2018"]
[Site "Rio Achaia"]
[Date "2018.07.10"]
[Round "1"]
[White "Drakoulakos, Grigorios"]
[Black "Barski, Radoslaw"]
[Result "0-1"]
[WhiteElo "2276"]
[BlackElo "2431"]
[Annotator "NA"]
[PlyCount "116"]
[EventDate "2018.07.10"]
[EventType "team-tourn"]
[EventCountry "GRE"]
[SourceTitle "playchess.com"]
[Source "ChessBase"]
[SourceQuality "1"]
[TimeControl "40/5400+30:1800+30"]

1. e4 {[%emt 0:00:00]} c5 {[%emt 0:00:00]} 2. Nf3 {[%emt 0:00:00]} Nc6 {[%emt 0:00:00]} 3. Bb5 {[%emt 0:00:12]} Nf6 {[%emt 0:00:02]} 4. e5 {[%emt 0:00:53]} Nd5 {[%emt 0:00:22]} 5. Nc3 {[%emt 0:00:20]} Nc7 {[%emt 0:00:20]} 6. Bxc6 {[%emt 0:01:41]} dxc6 {[%emt 0:00:29]} 7. h3 {[%emt 0:03:20]} g6 {[%emt 0:00:29]} 8. O-O {[%emt 0:00:39]} Bg7 {[%emt 0:00:06]} 9. d3 {[%emt 0:00:43]} O-O {[%emt 0:01:04]} 10. Re1 {[%emt 0:07:44]} b6 {[%emt 0:03:54]} 11. a3 {[%emt 0:05:34]} a5 {[%emt 0:08:43]} 12. Na4 {[%emt 0:11:10]} Ne6 {[%emt 0:01:33]} 13. Be3 {[%emt 0:00:58]} Rb8 {[%emt 0:13:59]} 14. c4 {[%emt 0:12:02]} Qc7 {[%emt 0:07:35]} 15. Qd2 {[%emt 0:14:45]} Rd8 {[%emt 0:01:55]} 16. Rad1 {[%emt 0:04:31]} b5 {[%emt 0:27:10]} 17. cxb5 {[%emt 0:11:32]} cxb5 {[%emt 0:00:08]} 18. Nxc5 {[%emt 0:00:04]} Nxc5 {[%emt 0:00:05]} 19. Rc1 {[%emt 0:00:03]} Rxd3 {[%emt 0:00:12]} 20. Qe2 {[%emt 0:04:53]} Qd7 {[%emt 0:05:05]} 21. Bxc5 {[%emt 0:02:31]} Bb7 {[%emt 0:01:39]} 22. Bd6 {[%emt 0:02:53]} Rxd6 {[%emt 0:16:03]} 23. exd6 {[%emt 0:00:06]} exd6 {[%emt 0:01:29]} 24. Qd3 {[%emt 0:06:39]} Bxf3 {[%emt 0:02:05]} 25. Qxf3 {[%emt 0:00:14]} Bxb2 {[%emt 0:00:08]} 26. Rc2 {[%emt 0:02:47]} Be5 {[%emt 0:00:50]} 27. Rec1 {[%emt 0:03:07]} Qe6 {[%emt 0:03:14]} 28. Rc7 {[%emt 0:00:47]} b4 {[%emt 0:00:47]} 29. axb4 {[%emt 0:00:40]} axb4 {[%emt 0:00:04]} 30. Rb7 {[%emt 0:00:49]} Rxb7 {[%emt 0:02:29]} 31. Qxb7 {[%emt 0:00:05]} b3 {[%emt 0:01:42]} 32. Qc8+ {[%emt 0:01:44]} Kg7 {[%emt 0:00:53]} 33. Qxe6 {[%emt 0:00:24]} fxe6 {[%emt 0:00:07]} 34. Rc7+ {[%emt 0:00:07]} Kh6 {[%emt 0:01:21]} 35. Rb7 {[%emt 0:00:07]} b2 {[%emt 0:00:04]} 36. Kf1 {[%emt 0:00:31]} Kg5 {[%emt 0:00:47]} 37. Ke2 {[%emt 0:00:17]} Kf6 {[%emt 0:00:44]} 38. Kd3 {[%emt 0:01:04]} h6 {[%emt 0:00:40]} 39. g3 {[%emt 0:02:38]} g5 {[%emt 0:00:09]} 40. Rb6 {[%emt 0:00:00]} h5 {[%emt 0:00:00]} 41. Ke4 {[%emt 0:14:11]} d5+ {[%emt 0:08:52]} 42. Kd3 {[%emt 0:00:38]} Kf5 {[%emt 0:03:12]} 43. Rb7 {[%emt 0:01:46]} Bf6 {[%emt 0:01:59]} 44. Ke3 {[%emt 0:01:16]} Be5 {[%emt 0:09:54]} 45. Rf7+ {[%emt 0:01:09]} Kg6 {[%emt 0:00:24]} 46. Rb7 {[%emt 0:00:06]} g4 {[%emt 0:02:05]} 47. hxg4 {[%emt 0:02:59]} hxg4 {[%emt 0:00:08]} 48. f3 {[%emt 0:04:55]} gxf3 {[%emt 0:00:42]} 49. Kxf3 {[%emt 0:00:06]} Kg5 {[%emt 0:00:37]} 50. g4 {[%emt 0:00:57]} Bd4 {[%emt 0:02:09]} 51. Kg3 {[%emt 0:01:56]} e5 {[%emt 0:00:37]} 52. Rg7+ {[%emt 0:00:28]} Kf6 {[%emt 0:00:11]} 53. Rb7 {[%emt 0:00:06]} e4 {[%emt 0:00:49]} 54. Rb5 {[%emt 0:01:40]} Be5+ {[%emt 0:00:23]} 55. Kh3 {[%emt 0:02:41]} Kg5 {[%emt 0:01:03]} 56. Rb3 {[%emt 0:01:45]} Kf4 {[%emt 0:01:57]} 57. Rb4 {[%emt 0:02:19]} Bc3 {[%emt 0:00:30]} 58. Rb8 {[%emt 0:00:22]} e3 {[%emt 0:00:16]} 0-1

[Event "46th GRE-chT Premier 2018"]
[Site "Rio Achaia"]
[Date "2018.07.10"]
[Round "1"]
[White "Radeva, Viktoria"]
[Black "Stoumbou, Eleni"]
[Result "1-0"]
[WhiteElo "2274"]
[BlackElo "1811"]
[Annotator "NA"]
[PlyCount "71"]
[EventDate "2018.07.10"]
[EventType "team-tourn"]
[EventCountry "GRE"]
[SourceTitle "playchess.com"]
[Source "ChessBase"]
[SourceQuality "1"]
[TimeControl "40/5400+30:1800+30"]

1. e4 {[%emt 0:00:00]} c6 {[%emt 0:00:00]} 2. d4 {[%emt 0:00:00]} d5 {[%emt 0:00:00]} 3. Nc3 {[%emt 0:00:00]} dxe4 {[%emt 0:00:00]} 4. Nxe4 {[%emt 0:00:00]} Nf6 {[%emt 0:00:09]} 5. Nxf6+ {[%emt 0:00:00]} exf6 {[%emt 0:00:06]} 6. Nf3 {[%emt 0:00:05]} Bd6 {[%emt 0:00:20]} 7. Bd3 {[%emt 0:00:33]} Bg4 {[%emt 0:00:47]} 8. h3 {[%emt 0:01:08]} Bh5 {[%emt 0:00:32]} 9. O-O {[%emt 0:00:28]} O-O {[%emt 0:00:44]} 10. Be3 {[%emt 0:00:59]} Nd7 {[%emt 0:03:23]} 11. Re1 {[%emt 0:01:43]} Re8 {[%emt 0:00:58]} 12. Be2 {[%emt 0:04:56]} f5 {[%emt 0:15:35]} 13. c4 {[%emt 0:13:35]} c5 {[%emt 0:19:21]} 14. dxc5 {[%emt 0:11:36]} Nxc5 {[%emt 0:00:57]} 15. Qd5 {[%emt 0:09:35]} Qc7 {[%emt 0:31:38]} 16. Nd4 {[%emt 0:13:14]} Bxe2 {[%emt 0:22:17]} 17. Rxe2 {[%emt 0:04:56]} Rad8 {[%emt 0:00:33]} 18. Nb5 {[%emt 0:03:57]} Bh2+ {[%emt 0:00:12]} 19. Kf1 {[%emt 0:01:22]} Rxd5 {[%emt 0:01:15]} 20. Nxc7 {[%emt 0:00:04]} Bxc7 {[%emt 0:00:19]} 21. cxd5 {[%emt 0:00:01]} Ne4 {[%emt 0:00:50]} 22. Rc1 {[%emt 0:01:16]} Ba5 {[%emt 0:00:23]} 23. Rec2 {[%emt 0:01:26]} g6 {[%emt 0:00:38]} 24. Rc8 {[%emt 0:00:39]} Rxc8 {[%emt 0:00:12]} 25. Rxc8+ {[%emt 0:00:02]} Kg7 {[%emt 0:00:12]} 26. Bxa7 {[%emt 0:01:00]} Nd6 {[%emt 0:00:23]} 27. Rc2 {[%emt 0:01:07]} Kf6 {[%emt 0:00:41]} 28. Bc5 {[%emt 0:01:16]} Ne4 {[%emt 0:00:38]} 29. b4 {[%emt 0:01:31]} Bd8 {[%emt 0:00:10]} 30. f3 {[%emt 0:02:33]} Ng3+ {[%emt 0:00:30]} 31. Kf2 {[%emt 0:00:17]} f4 {[%emt 0:00:17]} 32. Bd6 {[%emt 0:00:41]} Bb6+ {[%emt 0:01:05]} 33. Bc5 {[%emt 0:02:03]} Bd8 {[%emt 0:00:23]} 34. Bd4+ {[%emt 0:03:00]} Ke7 {[%emt 0:00:13]} 35. Rc8 {[%emt 0:00:12]} Nf5 {[%emt 0:00:39]} 36. Bf6+ {[%emt 0:01:58]} 1-0

[Event "46th GRE-chT Premier 2018"]
[Site "Rio Achaia"]
[Date "2018.07.10"]
[Round "1"]
[White "Avramidou, Anastasia"]
[Black "Ivanova, Simoneta"]
[Result "1/2-1/2"]
[WhiteElo "2262"]
[BlackElo "2091"]
[Annotator "NA"]
[PlyCount "79"]
[EventDate "2018.07.10"]
[EventType "team-tourn"]
[EventCountry "GRE"]
[SourceTitle "playchess.com"]
[Source "ChessBase"]
[SourceQuality "1"]
[TimeControl "40/5400+30:1800+30"]

1. c4 {[%emt 0:00:00]} c6 {[%emt 0:00:00]} 2. d4 {[%emt 0:00:23]} d5 {[%emt 0:00:00]} 3. cxd5 {[%emt 0:00:05]} cxd5 {[%emt 0:00:00]} 4. Nc3 {[%emt 0:00:06]} Nf6 {[%emt 0:00:38]} 5. Bf4 {[%emt 0:00:18]} Nc6 {[%emt 0:00:54]} 6. e3 {[%emt 0:00:13]} Bg4 {[%emt 0:00:59]} 7. Qb3 {[%emt 0:09:56]} Na5 {[%emt 0:09:21]} 8. Bb5+ {[%emt 0:17:12]} Bd7 {[%emt 0:00:22]} 9. Qa4 {[%emt 0:00:31]} Nc6 {[%emt 0:03:33]} 10. Nf3 {[%emt 0:03:27]} a6 11. Bxc6 {[%emt 0:03:35]} Bxc6 {[%emt 0:07:35]} 12. Qb3 {[%emt 0:00:08]} e6 {[%emt 0:03:02]} 13. Ne5 {[%emt 0:01:02]} Nd7 {[%emt 0:04:44]} 14. Nxc6 {[%emt 0:28:03]} bxc6 {[%emt 0:00:05]} 15. O-O {[%emt 0:05:52]} c5 {[%emt 0:11:28]} 16. Qa4 {[%emt 0:04:27]} cxd4 {[%emt 0:08:03]} 17. Qxd4 {[%emt 0:05:12]} Qb6 {[%emt 0:09:21]} 18. Rac1 {[%emt 0:00:04]} Qxd4 {[%emt 0:03:07]} 19. exd4 {[%emt 0:02:19]} Be7 {[%emt 0:01:24]} 20. Rfe1 {[%emt 0:00:22]} Nf6 {[%emt 0:09:16]} 21. Na4 {[%emt 0:03:05]} Nd7 {[%emt 0:08:03]} 22. Rc6 {[%emt 0:04:29]} Bf6 {[%emt 0:04:54]} 23. Rd6 Be7 {[%emt 0:00:10]} 24. Rc6 {[%emt 0:05:00]} Bf6 {[%emt 0:01:57]} 25. Rd6 Be7 {[%emt 0:00:01]} 26. Rxd7 {[%emt 0:01:05]} Kxd7 {[%emt 0:00:30]} 27. Nb6+ {[%emt 0:00:01]} Kc6 {[%emt 0:00:09]} 28. Nxa8 {[%emt 0:00:03]} Rxa8 {[%emt 0:00:05]} 29. Rc1+ Kb6 {[%emt 0:03:07]} 30. Be5 {[%emt 0:03:28]} f6 {[%emt 0:04:34]} 31. Bf4 {[%emt 0:01:24]} Bf8 {[%emt 0:00:16]} 32. h4 {[%emt 0:01:19]} Re8 {[%emt 0:02:04]} 33. Rc3 e5 34. Be3 {[%emt 0:00:46]} Kb7 {[%emt 0:02:31]} 35. Rb3+ {[%emt 0:00:09]} Kc7 {[%emt 0:00:20]} 36. Rc3+ {[%emt 0:00:40]} Kd7 {[%emt 0:00:27]} 37. Rd3 {[%emt 0:00:35]} Kc6 {[%emt 0:01:15]} 38. Rc3+ {[%emt 0:00:04]} Kd7 {[%emt 0:00:04]} 39. Rd3 {[%emt 0:00:03]} Kc6 {[%emt 0:00:20]} 40. Rc3+ {[%emt 0:00:00]} 1/2-1/2

[Event "46th GRE-chT Premier 2018"]
[Site "Rio Achaia"]
[Date "2018.07.10"]
[Round "1"]
[White "Papadopoulos, Argirios"]
[Black "Vallianos, Gerasimos"]
[Result "1-0"]
[WhiteElo "2256"]
[BlackElo "1899"]
[Annotator "NA"]
[PlyCount "101"]
[EventDate "2018.07.10"]
[EventType "team-tourn"]
[EventCountry "GRE"]
[SourceTitle "playchess.com"]
[Source "ChessBase"]
[SourceQuality "1"]
[TimeControl "40/5400+30:1800+30"]

1. e4 {[%emt 0:00:00]} c5 {[%emt 0:00:00]} 2. Nf3 {[%emt 0:00:00]} d6 {[%emt 0:00:20]} 3. d4 {[%emt 0:00:00]} cxd4 {[%emt 0:00:07]} 4. Nxd4 {[%emt 0:00:04]} Nf6 {[%emt 0:00:08]} 5. Nc3 {[%emt 0:00:05]} a6 {[%emt 0:00:41]} 6. Bc4 {[%emt 0:00:58]} b5 {[%emt 0:04:06]} 7. Bb3 {[%emt 0:05:58]} Bb7 {[%emt 0:04:01]} 8. O-O {[%emt 0:20:03]} Nbd7 {[%emt 0:03:06]} 9. Re1 {[%emt 0:07:01]} Nc5 {[%emt 0:31:27]} 10. f3 {[%emt 0:10:32]} e6 {[%emt 0:01:03]} 11. Be3 {[%emt 0:10:25]} Be7 {[%emt 0:00:24]} 12. a4 {[%emt 0:05:31]} b4 {[%emt 0:01:25]} 13. Na2 {[%emt 0:06:49]} Nxb3 {[%emt 0:00:31]} 14. cxb3 {[%emt 0:03:03]} a5 {[%emt 0:03:05]} 15. Rc1 {[%emt 0:03:36]} Rc8 {[%emt 0:11:50]} 16. Qd3 {[%emt 0:02:16]} Qd7 {[%emt 0:05:01]} 17. Rxc8+ {[%emt 0:08:25]} Bxc8 {[%emt 0:00:11]} 18. Rc1 {[%emt 0:00:31]} O-O {[%emt 0:14:20]} 19. Nc6 {[%emt 0:03:50]} Bd8 {[%emt 0:01:52]} 20. Nxd8 {[%emt 0:02:37]} Qxd8 {[%emt 0:01:29]} 21. Qb5 {[%emt 0:06:50]} Nd7 {[%emt 0:01:35]} 22. Rd1 {[%emt 0:00:55]} Qc7 {[%emt 0:04:12]} 23. Rc1 {[%emt 0:00:17]} Qd8 {[%emt 0:00:09]} 24. Rd1 {[%emt 0:00:03]} Qc7 {[%emt 0:00:06]} 25. Qc4 {[%emt 0:00:20]} Qb8 {[%emt 0:04:00]} 26. Qc6 {[%emt 0:00:30]} d5 {[%emt 0:01:14]} 27. exd5 {[%emt 0:00:37]} Qe5 {[%emt 0:00:14]} 28. Bd4 {[%emt 0:01:51]} Qe2 {[%emt 0:02:10]} 29. Rc1 {[%emt 0:00:45]} Qd3 {[%emt 0:00:50]} 30. Qc4 {[%emt 0:00:34]} Qg6 {[%emt 0:01:14]} 31. d6 {[%emt 0:00:33]} e5 {[%emt 0:00:35]} 32. Qxc8 {[%emt 0:00:27]} Qxd6 {[%emt 0:00:36]} 33. Bc5 {[%emt 0:00:32]} Nxc5 {[%emt 0:01:04]} 34. Qxc5 {[%emt 0:00:14]} Qd3 {[%emt 0:00:32]} 35. Qc2 {[%emt 0:00:45]} Qe3+ {[%emt 0:00:11]} 36. Kh1 {[%emt 0:00:31]} f5 {[%emt 0:00:54]} 37. Rd1 {[%emt 0:00:29]} e4 {[%emt 0:00:29]} 38. Qc4+ {[%emt 0:00:30]} Kh8 {[%emt 0:00:06]} 39. Qf7 {[%emt 0:00:29]} Rg8 {[%emt 0:00:32]} 40. Qxf5 {[%emt 0:00:00]} Qxb3 {[%emt 0:00:00]} 41. Qd5 {[%emt 0:07:31]} Qxb2 {[%emt 0:00:55]} 42. fxe4 {[%emt 0:02:17]} h6 {[%emt 0:04:38]} 43. Nc1 {[%emt 0:13:04]} Rf8 {[%emt 0:06:30]} 44. h3 {[%emt 0:03:37]} Rc8 {[%emt 0:15:17]} 45. Nd3 {[%emt 0:01:11]} Qe2 {[%emt 0:02:52]} 46. Nf4 {[%emt 0:01:16]} Qc2 {[%emt 0:00:08]} 47. Ng6+ {[%emt 0:03:05]} Kh7 48. Rf1 b3 {[%emt 0:02:58]} 49. Qf5 {[%emt 0:01:43]} Rh8 {[%emt 0:04:24]} 50. Nf8+ {[%emt 0:00:34]} Kg8 {[%emt 0:00:18]} 51. Qf7# {[%emt 0:00:06]} 1-0

[Event "46th GRE-chT Premier 2018"]
[Site "Rio Achaia"]
[Date "2018.07.10"]
[Round "1"]
[White "Karousos-Theodorakis, Nikolaos"]
[Black "Berbatis, Antonios"]
[Result "1-0"]
[WhiteElo "2255"]
[BlackElo "1881"]
[Annotator "NA"]
[PlyCount "105"]
[EventDate "2018.07.10"]
[EventType "team-tourn"]
[EventCountry "GRE"]
[SourceTitle "playchess.com"]
[Source "ChessBase"]
[SourceQuality "1"]
[TimeControl "40/5400+30:1800+30"]

1. e4 {[%emt 0:00:00]} c5 {[%emt 0:00:00]} 2. Nf3 {[%emt 0:00:00]} e6 {[%emt 0:00:05]} 3. d4 {[%emt 0:00:00]} cxd4 {[%emt 0:00:19]} 4. Nxd4 {[%emt 0:00:00]} Nc6 {[%emt 0:00:18]} 5. Nc3 {[%emt 0:00:08]} Qc7 {[%emt 0:00:25]} 6. Be3 {[%emt 0:00:21]} a6 {[%emt 0:00:29]} 7. Be2 {[%emt 0:00:15]} Nf6 {[%emt 0:01:10]} 8. O-O {[%emt 0:00:10]} Be7 {[%emt 0:00:35]} 9. f4 {[%emt 0:00:32]} d6 {[%emt 0:01:29]} 10. Qe1 {[%emt 0:00:51]} O-O {[%emt 0:03:08]} 11. Qg3 {[%emt 0:00:23]} Kh8 {[%emt 0:03:19]} 12. Kh1 {[%emt 0:05:19]} Bd7 {[%emt 0:09:14]} 13. Rae1 {[%emt 0:06:14]} Rac8 {[%emt 0:19:44]} 14. a3 {[%emt 0:10:19]} e5 {[%emt 0:13:06]} 15. fxe5 {[%emt 0:13:47]} dxe5 {[%emt 0:00:11]} 16. Nxc6 {[%emt 0:04:46]} Bxc6 {[%emt 0:01:31]} 17. Bd3 {[%emt 0:01:39]} Bd7 {[%emt 0:13:25]} 18. Bg5 {[%emt 0:05:21]} Be6 {[%emt 0:02:08]} 19. Bxf6 {[%emt 0:08:34]} Bxf6 {[%emt 0:01:13]} 20. Nd5 {[%emt 0:02:17]} Bxd5 {[%emt 0:03:34]} 21. exd5 {[%emt 0:00:02]} Qd6 {[%emt 0:02:28]} 22. Qf3 {[%emt 0:02:07]} e4 {[%emt 0:11:53]} 23. Qxe4 {[%emt 0:06:17]} g6 {[%emt 0:00:14]} 24. c3 {[%emt 0:03:14]} Rc5 {[%emt 0:03:28]} 25. Bb1 {[%emt 0:08:16]} Bg7 {[%emt 0:02:43]} 26. Ba2 {[%emt 0:00:56]} Rc7 {[%emt 0:01:33]} 27. Re2 {[%emt 0:01:47]} f5 {[%emt 0:00:49]} 28. Qe6 {[%emt 0:02:50]} Qxe6 {[%emt 0:00:56]} 29. Rxe6 {[%emt 0:01:52]} Rd7 {[%emt 0:00:56]} 30. Rfe1 {[%emt 0:01:16]} Bf6 {[%emt 0:00:49]} 31. R1e2 {[%emt 0:03:50]} Kg7 {[%emt 0:01:13]} 32. c4 {[%emt 0:01:03]} f4 {[%emt 0:01:55]} 33. c5 {[%emt 0:02:41]} Bd4 {[%emt 0:00:36]} 34. c6 {[%emt 0:00:37]} bxc6 {[%emt 0:00:30]} 35. dxc6 {[%emt 0:01:07]} Rc7 {[%emt 0:01:02]} 36. Bd5 {[%emt 0:02:23]} Kh6 {[%emt 0:00:44]} 37. b4 {[%emt 0:02:03]} Rb8 {[%emt 0:00:38]} 38. Re7 {[%emt 0:02:13]} Rbc8 {[%emt 0:00:10]} 39. a4 {[%emt 0:01:13]} Be3 {[%emt 0:00:36]} 40. Rxc7 {[%emt 0:00:00]} Rxc7 {[%emt 0:00:00]} 41. g3 {[%emt 0:02:44]} g5 {[%emt 0:04:57]} 42. Kg2 {[%emt 0:01:02]} Bb6 {[%emt 0:01:49]} 43. Re6+ {[%emt 0:01:07]} Kg7 {[%emt 0:01:24]} 44. gxf4 {[%emt 0:00:23]} gxf4 {[%emt 0:00:39]} 45. Kf3 {[%emt 0:00:21]} Ra7 {[%emt 0:05:26]} 46. h3 {[%emt 0:01:51]} Kf8 {[%emt 0:01:42]} 47. Rf6+ {[%emt 0:03:36]} Ke7 {[%emt 0:02:09]} 48. Rh6 {[%emt 0:00:38]} Kf8 {[%emt 0:01:09]} 49. Be4 {[%emt 0:02:51]} Rg7 {[%emt 0:05:02]} 50. Rxh7 {[%emt 0:02:18]} Rxh7 {[%emt 0:03:52]} 51. Bxh7 {[%emt 0:00:19]} Bc7 {[%emt 0:00:05]} 52. Bd3 {[%emt 0:00:13]} a5 {[%emt 0:00:15]} 53. bxa5 {[%emt 0:00:05]} 1-0

[Event "46th GRE-chT Premier 2018"]
[Site "Rio Achaia"]
[Date "2018.07.10"]
[Round "1"]
[White "Kesidis, Odyseas"]
[Black "Loutragotis, Dimitrios"]
[Result "1-0"]
[WhiteElo "2248"]
[BlackElo "2173"]
[Annotator "NA"]
[PlyCount "83"]
[EventDate "2018.07.10"]
[EventType "team-tourn"]
[EventCountry "GRE"]
[SourceTitle "playchess.com"]
[Source "ChessBase"]
[SourceQuality "1"]
[TimeControl "40/5400+30:1800+30"]

1. e4 {[%emt 0:00:00]} c6 {[%emt 0:00:00]} 2. d4 {[%emt 0:00:00]} d5 {[%emt 0:00:00]} 3. Nd2 {[%emt 0:00:00]} dxe4 {[%emt 0:00:00]} 4. Nxe4 {[%emt 0:00:00]} Bf5 {[%emt 0:00:11]} 5. Ng3 {[%emt 0:00:04]} Bg6 {[%emt 0:00:08]} 6. h4 {[%emt 0:00:23]} h6 {[%emt 0:00:07]} 7. Nf3 {[%emt 0:00:06]} Nd7 {[%emt 0:00:08]} 8. h5 {[%emt 0:00:06]} Bh7 {[%emt 0:00:05]} 9. Bd3 {[%emt 0:00:03]} Bxd3 {[%emt 0:00:12]} 10. Qxd3 {[%emt 0:00:03]} e6 {[%emt 0:00:26]} 11. Bd2 {[%emt 0:00:16]} Ngf6 {[%emt 0:00:09]} 12. O-O-O {[%emt 0:00:22]} Bd6 {[%emt 0:00:09]} 13. Ne4 {[%emt 0:01:22]} Nxe4 {[%emt 0:00:08]} 14. Qxe4 {[%emt 0:00:01]} Nf6 {[%emt 0:00:10]} 15. Qe2 {[%emt 0:00:04]} Bc7 {[%emt 0:03:57]} 16. Kb1 {[%emt 0:02:54]} Qd5 {[%emt 0:00:21]} 17. c4 {[%emt 0:10:25]} Qe4+ {[%emt 0:01:02]} 18. Qxe4 {[%emt 0:00:08]} Nxe4 {[%emt 0:00:06]} 19. Be3 {[%emt 0:00:09]} f5 {[%emt 0:09:09]} 20. d5 {[%emt 0:14:31]} cxd5 {[%emt 0:02:36]} 21. cxd5 {[%emt 0:03:02]} e5 {[%emt 0:01:40]} 22. Rhe1 {[%emt 0:13:53]} O-O {[%emt 0:09:13]} 23. Nh4 {[%emt 0:02:34]} Bd6 {[%emt 0:01:32]} 24. Re2 {[%emt 0:13:08]} Rac8 {[%emt 0:50:48]} 25. Bxa7 {[%emt 0:06:39]} Rc4 {[%emt 0:00:34]} 26. Rc1 {[%emt 0:06:40]} Ra4 {[%emt 0:00:25]} 27. Bb6 {[%emt 0:00:49]} Rb4 {[%emt 0:04:46]} 28. Bc7 {[%emt 0:06:12]} Bxc7 {[%emt 0:11:33]} 29. Rxc7 {[%emt 0:00:06]} Nf6 {[%emt 0:00:06]} 30. Nxf5 {[%emt 0:04:14]} Nxd5 {[%emt 0:00:09]} 31. Ne7+ {[%emt 0:00:12]} Nxe7 {[%emt 0:00:08]} 32. Rxe7 {[%emt 0:00:03]} e4 {[%emt 0:01:42]} 33. a3 {[%emt 0:01:57]} Rc4 {[%emt 0:01:54]} 34. Rxb7 {[%emt 0:04:28]} e3 {[%emt 0:01:38]} 35. Rxe3 {[%emt 0:02:01]} Rxf2 {[%emt 0:00:14]} 36. Re8+ {[%emt 0:00:56]} Rf8 {[%emt 0:00:41]} 37. Rxf8+ {[%emt 0:00:32]} Kxf8 {[%emt 0:00:07]} 38. Rb4 {[%emt 0:00:02]} Rc5 {[%emt 0:00:24]} 39. g4 {[%emt 0:00:06]} Ke7 {[%emt 0:01:19]} 40. Ka2 {[%emt 0:00:00]} Kd8 {[%emt 0:00:00]} 41. Kb3 {[%emt 0:01:26]} Rc6 {[%emt 0:05:02]} 42. Rd4+ {[%emt 0:03:07]} 1-0

[Event "46th GRE-chT Premier 2018"]
[Site "Rio Achaia"]
[Date "2018.07.10"]
[Round "1"]
[White "Hadzimanolis, Antonios"]
[Black "Gkonelas, Nikolaos"]
[Result "1-0"]
[WhiteElo "2246"]
[BlackElo "1917"]
[Annotator "NA"]
[PlyCount "83"]
[EventDate "2018.07.10"]
[EventType "team-tourn"]
[EventCountry "GRE"]
[SourceTitle "playchess.com"]
[Source "ChessBase"]
[SourceQuality "1"]
[TimeControl "40/5400+30:1800+30"]

1. Nf3 {[%emt 0:00:03]} d5 {[%emt 0:00:06]} 2. g3 {[%emt 0:00:38]} Nf6 {[%emt 0:01:50]} 3. Bg2 {[%emt 0:00:08]} e6 {[%emt 0:01:23]} 4. O-O {[%emt 0:00:42]} Bd6 {[%emt 0:00:36]} 5. c4 {[%emt 0:03:18]} c6 {[%emt 0:00:24]} 6. b3 {[%emt 0:01:11]} O-O {[%emt 0:00:57]} 7. Bb2 {[%emt 0:00:06]} Nbd7 {[%emt 0:01:22]} 8. d3 {[%emt 0:02:42]} Qe7 {[%emt 0:04:58]} 9. Qc2 {[%emt 0:02:36]} b6 {[%emt 0:04:19]} 10. e4 {[%emt 0:32:36]} dxe4 {[%emt 0:01:03]} 11. dxe4 {[%emt 0:00:07]} e5 {[%emt 0:01:05]} 12. a3 {[%emt 0:04:55]} a5 {[%emt 0:07:21]} 13. Nc3 {[%emt 0:10:07]} Rd8 {[%emt 0:03:14]} 14. Rfd1 {[%emt 0:00:58]} Ba6 {[%emt 0:18:34]} 15. Rd2 {[%emt 0:02:08]} Ne8 {[%emt 0:06:56]} 16. Rad1 {[%emt 0:01:23]} Ndf6 {[%emt 0:12:09]} 17. Na4 {[%emt 0:08:10]} b5 {[%emt 0:13:12]} 18. cxb5 {[%emt 0:05:32]} cxb5 {[%emt 0:01:30]} 19. Nb6 {[%emt 0:00:07]} Rab8 {[%emt 0:00:31]} 20. Nd5 {[%emt 0:00:35]} Nxd5 {[%emt 0:00:37]} 21. Rxd5 {[%emt 0:01:28]} f6 {[%emt 0:05:15]} 22. Nh4 {[%emt 0:07:35]} g6 {[%emt 0:03:10]} 23. Bh3 {[%emt 0:00:17]} Bc8 {[%emt 0:01:58]} 24. Bf1 {[%emt 0:00:46]} Nc7 {[%emt 0:01:35]} 25. R5d2 {[%emt 0:00:03]} Bg4 {[%emt 0:00:27]} 26. Rc1 {[%emt 0:01:29]} Rdc8 {[%emt 0:05:38]} 27. h3 {[%emt 0:01:04]} Be6 {[%emt 0:00:15]} 28. Qd1 {[%emt 0:02:01]} Rb6 {[%emt 0:02:40]} 29. Rdc2 {[%emt 0:06:19]} Bxb3 30. Rxc7 {[%emt 0:00:05]} Bxd1 {[%emt 0:00:11]} 31. Rxc8+ {[%emt 0:00:11]} Kf7 {[%emt 0:00:17]} 32. Rxd1 {[%emt 0:00:05]} Qb7 {[%emt 0:01:06]} 33. Rh8 {[%emt 0:00:31]} Kg7 {[%emt 0:00:17]} 34. Rd8 {[%emt 0:00:05]} Qc7 {[%emt 0:00:20]} 35. Ra8 {[%emt 0:01:46]} Qc2 {[%emt 0:00:34]} 36. Ra7+ {[%emt 0:00:02]} Kf8 {[%emt 0:00:26]} 37. Rc1 {[%emt 0:00:20]} Rc6 {[%emt 0:01:19]} 38. Rxc2 {[%emt 0:00:30]} Rxc2 {[%emt 0:00:01]} 39. Rxa5 {[%emt 0:03:45]} Rxb2 {[%emt 0:00:09]} 40. Rxb5 {[%emt 0:00:00]} Ra2 {[%emt 0:00:00]} 41. Rb7 {[%emt 0:08:48]} Bc5 {[%emt 0:03:33]} 42. Rf7+ {[%emt 0:00:42]} 1-0

[Event "46th GRE-chT Premier 2018"]
[Site "Rio Achaia"]
[Date "2018.07.10"]
[Round "1"]
[White "Alexakis, Dimitris"]
[Black "Malataras, Gerasimos"]
[Result "1-0"]
[WhiteElo "2232"]
[BlackElo "1823"]
[Annotator "NA"]
[PlyCount "77"]
[EventDate "2018.07.10"]
[EventType "team-tourn"]
[EventCountry "GRE"]
[SourceTitle "playchess.com"]
[Source "ChessBase"]
[SourceQuality "1"]
[TimeControl "40/5400+30:1800+30"]

1. e4 {[%emt 0:02:09]} e5 {[%emt 0:00:00]} 2. Nf3 {[%emt 0:00:06]} Nc6 {[%emt 0:00:00]} 3. Bc4 {[%emt 0:01:15]} Bc5 {[%emt 0:00:00]} 4. b4 {[%emt 0:06:22]} Bxb4 {[%emt 0:00:38]} 5. c3 {[%emt 0:00:01]} Be7 {[%emt 0:00:47]} 6. d4 Na5 {[%emt 0:00:58]} 7. Be2 {[%emt 0:00:17]} d6 {[%emt 0:11:50]} 8. dxe5 {[%emt 0:05:34]} dxe5 {[%emt 0:00:44]} 9. Qa4+ {[%emt 0:04:17]} c6 {[%emt 0:04:25]} 10. Nxe5 {[%emt 0:10:11]} Nf6 {[%emt 0:06:05]} 11. O-O {[%emt 0:04:01]} b5 {[%emt 0:13:36]} 12. Qc2 {[%emt 0:00:22]} O-O {[%emt 0:01:23]} 13. a4 {[%emt 0:14:19]} a6 {[%emt 0:13:14]} 14. axb5 {[%emt 0:00:47]} cxb5 {[%emt 0:00:54]} 15. Rd1 {[%emt 0:20:30]} Qb6 {[%emt 0:00:41]} 16. Bf4 {[%emt 0:14:56]} Bc5 {[%emt 0:19:16]} 17. Nd3 {[%emt 0:00:29]} Nc4 {[%emt 0:01:15]} 18. Nxc5 {[%emt 0:01:10]} Qxc5 {[%emt 0:00:07]} 19. Nd2 {[%emt 0:06:54]} Ng4 {[%emt 0:10:47]} 20. Rf1 {[%emt 0:03:12]} Nge5 {[%emt 0:01:39]} 21. Nb3 {[%emt 0:00:39]} Qb6 {[%emt 0:00:30]} 22. Nd4 {[%emt 0:00:39]} Bb7 {[%emt 0:00:57]} 23. Kh1 {[%emt 0:00:11]} Rac8 {[%emt 0:00:39]} 24. Rad1 {[%emt 0:01:33]} Rfe8 {[%emt 0:01:37]} 25. f3 {[%emt 0:01:04]} g6 {[%emt 0:03:03]} 26. h4 {[%emt 0:00:26]} Nc6 {[%emt 0:01:35]} 27. Qa2 {[%emt 0:00:26]} Nd8 {[%emt 0:01:15]} 28. Kh2 {[%emt 0:00:48]} Ne6 {[%emt 0:01:10]} 29. Nxe6 {[%emt 0:00:15]} Rxe6 {[%emt 0:00:15]} 30. Rd4 {[%emt 0:00:13]} Ne5 {[%emt 0:01:57]} 31. Rfd1 {[%emt 0:00:26]} Qc6 {[%emt 0:02:42]} 32. Qd2 {[%emt 0:01:04]} Ree8 {[%emt 0:00:54]} 33. Rd6 {[%emt 0:00:51]} Qc5 {[%emt 0:00:49]} 34. Bg5 {[%emt 0:00:45]} Nc4 {[%emt 0:00:29]} 35. Bxc4 {[%emt 0:00:17]} Qxc4 {[%emt 0:00:28]} 36. Bf6 {[%emt 0:00:16]} Re6 {[%emt 0:00:31]} 37. Rd8+ {[%emt 0:00:13]} Re8 {[%emt 0:00:04]} 38. Qh6 {[%emt 0:00:04]} Qc7+ {[%emt 0:00:23]} 39. R1d6 {[%emt 0:00:13]} 1-0